Discrete Systems Laboratory Using Matlab (Record no. 28359)

MARC details
000 -LEADER
fixed length control field 00349nam a22001457a 4500
003 - CONTROL NUMBER IDENTIFIER
control field OSt
005 - DATE AND TIME OF LATEST TRANSACTION
control field 20220128131605.0
008 - FIXED-LENGTH DATA ELEMENTS--GENERAL INFORMATION
fixed length control field 220128b |||||||| |||| 00| 0 eng d
020 ## - INTERNATIONAL STANDARD BOOK NUMBER
International Standard Book Number 0534374638
040 ## - CATALOGING SOURCE
Transcribing agency H U
082 ## - DEWEY DECIMAL CLASSIFICATION NUMBER
Classification number 621.38
100 ## - MAIN ENTRY--PERSONAL NAME
Personal name Schetzen Martin
9 (RLIN) 29036
245 ## - TITLE STATEMENT
Title Discrete Systems Laboratory Using Matlab
942 ## - ADDED ENTRY ELEMENTS (KOHA)
Source of classification or shelving scheme Dewey Decimal Classification
Koha item type Books like text book referance book
Suppress in OPAC No
Holdings
Withdrawn status Lost status Source of classification or shelving scheme Damaged status Not for loan Home library Current library Shelving location Date acquired Total Checkouts Full call number Barcode Date last seen Copy number Price effective from Koha item type
    Dewey Decimal Classification     IoT Library IoT Library General Stacks 01/28/2022   621.38-SCH-2000 IOTL0008172 01/28/2022 1 01/28/2022 Books like text book referance book
    Dewey Decimal Classification     IoT Library IoT Library General Stacks 01/28/2022   621.38-SCH-2000 IOTL0008173 01/28/2022 2 01/28/2022 Books like text book referance book